Stevens v East Hampshire Dostrict Council Community Charge Registration Officer and Hampshire North Valuation and Community Charge Tribunal (Record no. 2185)
[ view plain ]
| 000 -LEADER | |
|---|---|
| fixed length control field | 01311cab a2200229 4500 |
| 001 - CONTROL NUMBER | |
| control field | ABS50974 |
| 008 - FIXED-LENGTH DATA ELEMENTS--GENERAL INFORMATION | |
| fixed length control field | 090401t1994 xxu||||| |||| 00| 0 eng d |
| 035 ## - SYSTEM CONTROL NUMBER | |
| System control number | (Sirsi) u3551 |
| 041 ## - LANGUAGE CODE | |
| Language code of text/sound track or separate title | eng |
| 245 ## - TITLE STATEMENT | |
| Title | Stevens v East Hampshire Dostrict Council Community Charge Registration Officer and Hampshire North Valuation and Community Charge Tribunal |
| 260 ## - PUBLICATION, DISTRIBUTION, ETC. | |
| Date of publication, distribution, etc. | 1994 |
| 350 ## - PRICE (NR) (BK AM CF MU VM SE) [OBSOLETE] | |
| Price | 0 |
| 490 ## - SERIES STATEMENT | |
| Series statement | Rating Appeals |
| Volume/sequential designation | 1994 RA 73-77(5) |
| 520 ## - SUMMARY, ETC. | |
| Summary, etc. | QBD 13 December 1993. The payer of community charge (S) appealed against a decision by a Valuation and Community Charge Tribunal that a flat was not his sole residence but a self contained part of a building which attracted community charge. S owned three flats in a block, two of which had been knocked into one, and the third being three floors up. S however claimed that the third flat was also part of his main residence and was used as spare bedroom accommodation and for his hobby of bookbinding. The appeal was dismissed on the grounds that the third flat`s use was not ancillary to the use being made of the main residence. |
| 650 ## - SUBJECT ADDED ENTRY--TOPICAL TERM | |
| Topical term or geographic name entry element | COMMUNITY CHARGE |
| 650 ## - SUBJECT ADDED ENTRY--TOPICAL TERM | |
| Topical term or geographic name entry element | MIAN RESIDENCE |
| 650 ## - SUBJECT ADDED ENTRY--TOPICAL TERM | |
| Topical term or geographic name entry element | SOLE RESIDENCE |
| 650 ## - SUBJECT ADDED ENTRY--TOPICAL TERM | |
| Topical term or geographic name entry element | VALUATION AND COMMUNITY CHARGE TRIBUNAL |
| 690 ## - LOCAL SUBJECT ADDED ENTRY--TOPICAL TERM (OCLC, RLIN) | |
| Topical term or geographic name as entry element | RATING AND VALUATION-CASE LAW |
| 942 ## - ADDED ENTRY ELEMENTS (KOHA) | |
| Suppress in OPAC | 0 |
| 948 ## - LOCAL PROCESSING INFORMATION (OCLC); SERIES PART DESIGNATOR (RLIN) | |
| c (OCLC) | 04/03/1997 |
| Withdrawn status | Lost status | Source of classification or shelving scheme | Damaged status | Not for loan | Home library | Current library | Shelving location | Date acquired | Total Checkouts | Full call number | Barcode | Date last seen | Copy number | Price effective from | Koha item type |
|---|---|---|---|---|---|---|---|---|---|---|---|---|---|---|---|
| Dewey Decimal Classification | London | London | Journal article | 14/09/1999 | ABS50974 | 3551-1001 | 06/08/2019 | 1 | 06/08/2019 | Law report |